00568nam a2200181Ia 450000500170000000800410001702000150005808200190007324500790009226000410017130000180021265000100023065000120024070000180025294200060027095200950027699900150037120241219030626.0240331s9999 xx 000 0 und d a0195644239 bIND24794a305 0aMemsahibs AbroadbWritings by Women Travellers in Nineteenth Century India aDelhibOxford Univeristy Pressc1998 axvii, 298 p., aWomen aHistory aGhose, Ieedt cL 001040708LaWERCLbWERCLcSSCd2024-03-31l0o 305 MEMp4794r2024-03-31w2024-03-31yL c1408d1408